000 00726nam a2200229Ii 4500
003 JO-AjNU
008 230605s9999||||xx |||||||||||||| ||und||
017 _a2013/11/4038
020 _a978-9957-551-76-6
040 _aJO-AjNU
_bara
_erda
_cJO-AjNU
041 _aara
050 1 4 _aPJ7808.U25.2014
100 3 _aتاليف القضاة، احمد حسن,
_eauthor
_962611
245 0 0 _aالرسالة الاولى: قصة اجتماعية
250 _aط1
264 3 1 _aعمان: دار الجنان للنشر والتوزيع، 2013
300 _a117ص
336 _atext
_btxt
_2rdacontent
337 _aunmediated
_bn
_2rdamedia
338 _avolume
_bnc
_2rdacarrier
650 4 _aالقصص العربية
_962612
999 _aA28360
_c31928
_d31928